00556nam a2200157Ia 4500008004100000020001500041041001200056100001900068245004400087260003800131300000800169650001600177942000700193999001700200952018100217221030s9999 xx 000 0 und d a0071184589 aEnglish aR. S. Pressman 0aSoftware Engineeringcby R. S. Pressman bMcGraw-Hill Pub.aNew Delhic2001 a860 aBB Computer cBK c18825d18825 pBB 1002g550.00l1eDonationr2025-05-17 00:00:00s2023-03-06w2022-10-30yBK003Print4070aMIETLIBbMIETLIBcBL-Aacdemic Block B, FL-2, CUP-73, SH-2, R-2d2022-02-0110HBB